Statistics for All Municipalities of Borsod-Abaúj-Zemplén County, Hungary on a Map

Click here to take the quiz!

General Stats

  • This quiz has been taken 15 times
  • The average score is 79 of 358

Answers on the Map

Answers color-coded by a green-red scale on the quiz's map according to % correct below.
 

Answer Stats

Answer% Correct
Miskolc
100%
Ózd
100%
Sátoraljaújhely
100%
Kazincbarcika
89%
Aggtelek
78%
Gönc
78%
Mezőkövesd
78%
Sárospatak
78%
Tiszaújváros
78%
Tokaj
78%
Encs
56%
Hidasnémeti
56%
Hollóháza
56%
Répáshuta
56%
Sajószentpéter
56%
Szerencs
56%
Abaújszántó
44%
Alsózsolca
44%
Bükkszentkereszt
44%
Cigánd
44%
Edelény
44%
Emőd
44%
Felsőzsolca
44%
Füzér
44%
Háromhuta
44%
Jósvafő
44%
Mád
44%
Mezőcsát
44%
Putnok
44%
Sajóbábony
44%
Vágáshuta
44%
Vizsoly
44%
Abaújvár
33%
Berente
33%
Bőcs
33%
Bódvalenke
33%
Borsodivánka
33%
Borsodnádasd
33%
Csenyéte
33%
Dédestapolcsány
33%
Dubicsány
33%
Forró
33%
Füzérkajata
33%
Hercegkút
33%
Járdánháza
33%
Kéked
33%
Királd
33%
Kisgyőr
33%
Kishuta
33%
Mezőkeresztes
33%
Mogyoróska
33%
Nagyhuta
33%
Pácin
33%
Pálháza
33%
Rudabánya
33%
Sajóvámos
33%
Szendrő
33%
Szendrőlád
33%
Szin
33%
Szinpetri
33%
Szirmabesenyő
33%
Tállya
33%
Tarcal
33%
Telkibánya
33%
Tiszalúc
33%
Tornabarakony
33%
Tornanádaska
33%
Tornyosnémeti
33%
Abaújalpár
22%
Abaújkér
22%
Abaújlak
22%
Alsódobsza
22%
Alsógagy
22%
Alsóregmec
22%
Alsóvadász
22%
Arka
22%
Arló
22%
Aszaló
22%
Balajt
22%
Bánhorváti
22%
Bánréve
22%
Baskó
22%
Bekecs
22%
Bodrogkeresztúr
22%
Bodrogkisfalud
22%
Bodrogolaszi
22%
Bódvaszilas
22%
Bogács
22%
Boldogkőújfalu
22%
Boldogkőváralja
22%
Boldva
22%
Bózsva
22%
Bükkábrány
22%
Büttös
22%
Cserépfalu
22%
Cserépváralja
22%
Csernely
22%
Csokvaomány
22%
Domaháza
22%
Erdőbénye
22%
Erdőhorváti
22%
Fáj
22%
Fancsal
22%
Farkaslyuk
22%
Felsődobsza
22%
Felsőgagy
22%
Felsőregmec
22%
Felsővadász
22%
Fony
22%
Fulókércs
22%
Füzérradvány
22%
Gagyapáti
22%
Gagyvendégi
22%
Gelej
22%
Gesztely
22%
Gibárt
22%
Girincs
22%
Gömörszőlős
22%
Göncruszka
22%
Györgytarló
22%
Halmaj
22%
Hangony
22%
Hejőkürt
22%
Hejőpapi
22%
Hernádbűd
22%
Hernádcéce
22%
Hernádkak
22%
Hernádnémeti
22%
Hernádszurdok
22%
Hernádvécse
22%
Hét
22%
Homrogd
22%
Imola
22%
Karcsa
22%
Keresztéte
22%
Kesznyéten
22%
Kiscsécs
22%
Kisrozvágy
22%
Kissikátor
22%
Kistokaj
22%
Komlóska
22%
Korlát
22%
Krasznokvajda
22%
Lácacséke
22%
Ládbesenyő
22%
Legyesbénye
22%
Lénárddaróc
22%
Mályi
22%
Martonyi
22%
Meszes
22%
Mezőzombor
22%
Mikóháza
22%
Monok
22%
Muhi
22%
Nagycsécs
22%
Nagyrozvágy
22%
Nekézseny
22%
Nyékládháza
22%
Olaszliszka
22%
Onga
22%
Ónod
22%
Ormosbánya
22%
Pamlény
22%
Pere
22%
Prügy
22%
Pusztafalu
22%
Ragály
22%
Rakaca
22%
Rakacaszend
22%
Rásonysápberencs
22%
Regéc
22%
Révleányvár
22%
Sajóecseg
22%
Sajókaza
22%
Sajókeresztúr
22%
Sajómercse
22%
Sajónémeti
22%
Sajóörös
22%
Sajópüspöki
22%
Sajószöged
22%
Sajóvelezd
22%
Sály
22%
Sárazsadány
22%
Sáta
22%
Serényfalva
22%
Sima
22%
Szalonna
22%
Szászfa
22%
Szegi
22%
Szegilong
22%
Szikszó
22%
Szuhakálló
22%
Taktaharkány
22%
Taktaszada
22%
Teresztenye
22%
Tibolddaróc
22%
Tiszapalkonya
22%
Tolcsva
22%
Tornakápolna
22%
Tornaszentjakab
22%
Újcsanálos
22%
Uppony
22%
Vadna
22%
Vajdácska
22%
Varbó
22%
Vilmány
22%
Vilyvitány
22%
Viss
22%
Zalkod
22%
Zemplénagárd
22%
Zsujta
22%
Abaújszolnok
11%
Abod
11%
Alacska
11%
Alsóberecki
11%
Alsószuha
11%
Alsótelekes
11%
Arnót
11%
Ároktő
11%
Baktakék
11%
Becskeháza
11%
Beret
11%
Berzék
11%
Bodroghalom
11%
Bódvarákó
11%
Borsodbóta
11%
Borsodgeszt
11%
Borsodszentgyörgy
11%
Borsodszirák
11%
Bükkaranyos
11%
Bükkmogyorósd
11%
Bükkzsérc
11%
Csincse
11%
Csobád
11%
Csobaj
11%
Damak
11%
Dámóc
11%
Debréte
11%
Detek
11%
Dövény
11%
Egerlövő
11%
Égerszög
11%
Felsőberecki
11%
Felsőkelecsény
11%
Felsőnyárád
11%
Felsőtelekes
11%
Filkeháza
11%
Füzérkomlós
11%
Gadna
11%
Gagybátor
11%
Galvács
11%
Garadna
11%
Golop
11%
Hangács
11%
Harsány
11%
Hegymeg
11%
Hejce
11%
Hejőbába
11%
Hejőkeresztúr
11%
Hejőszalonta
11%
Hernádkércs
11%
Hernádpetri
11%
Hernádszentandrás
11%
Hidvégardó
11%
Igrici
11%
Ináncs
11%
Irota
11%
Izsófalva
11%
Jákfalva
11%
Kács
11%
Kánó
11%
Kány
11%
Karos
11%
Kázsmárk
11%
Kelemér
11%
Kenézlő
11%
Kiskinizs
11%
Komjáti
11%
Kondó
11%
Köröm
11%
Kovácsvágás
11%
Kupa
11%
Kurityán
11%
Lak
11%
Léh
11%
Litka
11%
Makkoshotyka
11%
Mályinka
11%
Megyaszó
11%
Méra
11%
Mezőnagymihály
11%
Mezőnyárád
11%
Monaj
11%
Múcsony
11%
Nagybarca
11%
Nagykinizs
11%
Négyes
11%
Nemesbikk
11%
Novajidrány
11%
Nyésta
11%
Nyíri
11%
Nyomár
11%
Oszlár
11%
Pányok
11%
Parasznya
11%
Perecse
11%
Perkupa
11%
Pusztaradvány
11%
Radostyán
11%
Rátka
11%
Ricse
11%
Rudolftelep
11%
Sajógalgóc
11%
Sajóhídvég
11%
Sajóivánka
11%
Sajókápolna
11%
Sajólád
11%
Sajólászlófalva
11%
Sajópálfala
11%
Sajópetri
11%
Sajósenye
11%
Selyeb
11%
Semjén
11%
Sóstófalva
11%
Szakácsi
11%
Szakáld
11%
Szalaszend
11%
Szemere
11%
Szentistván
11%
Szentistvánbaksa
11%
Szögliget
11%
Szőlősardó
11%
Szomolya
11%
Szuhafő
11%
Szuhogy
11%
Taktabáj
11%
Taktakenéz
11%
Tard
11%
Tardona
11%
Tiszabábolna
11%
Tiszacsermely
11%
Tiszadorogma
11%
Tiszakarád
11%
Tiszakeszi
11%
Tiszaladány
11%
Tiszatardos
11%
Tiszatarján
11%
Tiszavalk
11%
Tomor
11%
Tornaszentandrás
11%
Trizs
11%
Vámosújfalu
11%
Varbóc
11%
Vatta
11%
Viszló
11%
Zádorfalva
11%
Ziliz
11%
Zubogy
11%

Score Distribution

Percentile by Number Answered

Percent of People with Each Score

Your Score History

You have not taken this quiz